Countries with the Most Waterways - Statistics

General Stats
  • This quiz has been taken 160 times
  • The average score is 11 of 17
Answer Stats
Km Country % Correct
41,009 United States
99%
110,000 China
97%
102,000 Russia
97%
50,000 Brazil
93%
14,500 India
90%
11,000 Argentina
85%
24,725 Colombia
75%
15,000 D.R. Congo
73%
21,579 Indonesia
69%
8,808 Peru
65%
47,130 Vietnam
55%
8,600 Nigeria
51%
8,370 Bangladesh
50%
10,000 Bolivia
49%
12,800 Myanmar
46%
8,000 Finland
25%
11,000 Papua New Guinea
11%
No matching quizzes found
Score Distribution
Percent of People with Each Score
Percentile by Number Answered
Your Score History
You have not taken this quiz